An actual survey of the hamlet of Lime House in the Parish of Stepney expressing the exact bounds and limitts between this and the other contingent hamlets taken Ano.Dom. 1703 Wm. Wheatly Churchwarden by Joel Gascoyne (Record no. 116822)
[ view plain ]
| 000 -LEADER | |
|---|---|
| fixed length control field | 00933cem a22002055a 4500 |
| 001 - CONTROL NUMBER | |
| control field | L140294 |
| 008 - FIXED-LENGTH DATA ELEMENTS--GENERAL INFORMATION | |
| fixed length control field | 070917r18751703xxk a 0 eng u |
| 035 ## - SYSTEM CONTROL NUMBER | |
| System control number | (Sirsi) u140294 |
| 041 0# - LANGUAGE CODE | |
| Language code of text/sound track or separate title | eng |
| 100 1# - MAIN ENTRY--PERSONAL NAME | |
| Personal name | Gascoyne, Joel |
| 245 03 - TITLE STATEMENT | |
| Title | An actual survey of the hamlet of Lime House in the Parish of Stepney expressing the exact bounds and limitts between this and the other contingent hamlets taken Ano.Dom. 1703 Wm. Wheatly Churchwarden by Joel Gascoyne |
| Medium | [cartographic material] |
| 255 ## - CARTOGRAPHIC MATHEMATICAL DATA | |
| Statement of scale | Scale 1:2376 |
| 260 ## - PUBLICATION, DISTRIBUTION, ETC. | |
| Place of publication, distribution, etc. | London |
| Name of publisher, distributor, etc. | Joel Gascoyne |
| Date of publication, distribution, etc. | 1875 |
| 300 ## - PHYSICAL DESCRIPTION | |
| Extent | 1 map |
| Dimensions | 59 x 72 cm. |
| 500 ## - GENERAL NOTE | |
| General note | Handwritten note at top: "Reprint from the original copper plate in possession of the Churchwardens (abt. 1875). M.s. notes added 1895 by Arthur Harston Surveyor". |
| 500 ## - GENERAL NOTE | |
| General note | "J. Harris sculp." |
| 651 4# - SUBJECT ADDED ENTRY--GEOGRAPHIC NAME | |
| Geographic name | London |
| 690 ## - LOCAL SUBJECT ADDED ENTRY--TOPICAL TERM (OCLC, RLIN) | |
| Topical term or geographic name as entry element | ENVIRONMENTAL AND LAND CONSULTANCY-GEOMATICS-MAPPING AND POSITIONING-CARTOGRAPHY |
| 942 ## - ADDED ENTRY ELEMENTS (KOHA) | |
| Suppress in OPAC | 0 |
| Withdrawn status | Lost status | Source of classification or shelving scheme | Damaged status | Not for loan | Home library | Current library | Shelving location | Date acquired | Total Checkouts | Full call number | Barcode | Date last seen | Copy number | Price effective from | Koha item type |
|---|---|---|---|---|---|---|---|---|---|---|---|---|---|---|---|
| Dewey Decimal Classification | Historic collection | Historic collection | Historic collection | 17/09/2007 | MAP CABINET DRAWER 10 | 140294-2001 | 06/08/2019 | 1 | 06/08/2019 | Archive |